000 00872namaa2200193 i 4500
001 177686
003 ES-MaACL
005 20250726075520.0
008 110412m18951897fr | |||| ||fre d
100 1 _aClermont-Ganneau, Charles (
_d1846-1923)
_9146133
245 1 0 _aÉtudes d'archéologie orientale /
_cpar Ch. Clermont-Ganneau.
260 _aParis :
_bÉmile Bouillon,
_c1895-1897.
300 _a2 v. (198 p. 3 h. lám, 227 p. [1] h. lám.) :
_bil. ;
_c28 cm.
490 1 _aBibliothéque de l'école des hautes études. Sciences philologiques et historiques ;
_vfasc. 44, 113
651 4 _aOriente medio-
_xRestos arqueológicos.
_9146135
830 0 0 _aBibliothèque de l'École des Hautes Études. Sciences historiques et philologiques
_vfasc. 44, 113
_9229685
852 _aES-MaACL
_jC-7569(2-3)
_zEncuadernado con otras obras
999 _c177686
_d177686